Los nuevos empresarios (Registro nro. 11557)

Detalles MARC
000 -LIDER
fixed length control field 01178nam a22003017a 4500
001 - NÚMERO DE CONTROL
Identificador de número de control 000552
003 - IDENTIFICACDOR DE NÚMERO DE CONTROL
control field DO-SdBNP
005 - DATE AND TIME OF LATEST TRANSACTION
control field 20220622110823.0
007 - CAMPOS FIJOS DE DESCRIPCIÓN FÍSICA
fixed length control field 000552
008 - ELEMENTOS DE LONGITUD FIJA
fixed length control field 161012b2008 sp a | 00| 0 spa d
020 ## - ISBN
International Standard Book Number 9788478410859 (V. 1)
020 ## - ISBN
International Standard Book Number 9788478410866 (V. 2)
040 ## - FUENTE DE CATALOGACIÓN
Agencia que crea de manera original el registro BPMSU
Idioma de catalogación spa
Agencia que realiza la transcripción BPMSU
082 #4 - NÚMERO DE CLASIFICACIÓN DECIMAL DE DEWEY
Classification number 658
Item number N964e 2009
Edition number 22
245 00 - MENCIÓN DE TITULO
Título Los nuevos empresarios
260 ## - PUBLICACIÓN, DISTRIBUCIÓN, ETC. (PIE DE IMPRENTA)
Lugar de publicación, distribución, etc Barcelona :
Nombre del editor, distribuidor, etc. Oceáno,
Fecha de publicación, distribución, etc 2009.
300 ## - DESCRIPCIÓN FÍSICA
Extensión 2 v. :
Otros detalles físicos il., diagrs. ;
Dimensiones 26 cm. +
Material complementario CD-ROM
504 ## - NOTA DE BIBLIOGRAFÍA, ETC.
Bibliography, etc Bibliografía: p. 1108-1109
505 ## - NOTA DE CONTENIDO
Información miscelánea v.1
Título El liderazgo --
-- La negociación --
-- El plan de negocios --
-- La administración de la empresa --
-- Marketing y promoción --
Información miscelánea v. 2
Título La organización del tiempo --
-- La comunicación --
-- Informes y presentaciones --
-- El correo electrónico --
-- Las llamadas telefónicas --
-- Las reuniones --
-- La autoestima --
-- La asertividad --
-- Las relaciones humanas.
590 ## - NOTA LOCAL
Enlace Inventariado, 2022/VM
650 #4 - ENCABEZAMIENTO DE MATERIA--TEMÁTICO
Término temático o nombre geográfico como elemento de entrada Administración de empresas.
650 #4 - ENCABEZAMIENTO DE MATERIA--TEMÁTICO
Término temático o nombre geográfico como elemento de entrada Empresarios industriales
650 #4 - ENCABEZAMIENTO DE MATERIA--TEMÁTICO
Término temático o nombre geográfico como elemento de entrada Ejecutivos
650 #4 - ENCABEZAMIENTO DE MATERIA--TEMÁTICO
Término temático o nombre geográfico como elemento de entrada Liderazgo
710 2# - ASIENTO SECUNDARIO -- NOMBRE CORPORATIVO
Nombre corporativo o de jurisdicción OCÉANO
910 ## - VALIDACIÓN
Validación VMateo V./Validado. Control de calidad MFF
942 ## - ADDED ENTRY ELEMENTS (KOHA)
Source of classification or shelving scheme Dewey Decimal Classification
Koha item type Libros
Existencias
Withdrawn status Lost status Source of classification or shelving scheme Damaged status Not for loan Collection code Home library Current library Date acquired Source of acquisition Full call number Barcode Date last seen Copy number Price effective from Koha item type Total Checkouts
    Dewey Decimal Classification     Colección General Biblioteca Pública Metropolitana Salomé Ureña Biblioteca Pública Metropolitana Salomé Ureña 10/12/2016 Compra BPMSU CG 658 N964e 2009 BPMSU16100153 10/12/2016 v.1 10/12/2016 Libros  
    Dewey Decimal Classification     Colección General Biblioteca Pública Metropolitana Salomé Ureña Biblioteca Pública Metropolitana Salomé Ureña 10/12/2016 Compra BPMSU CG 658 N964e 2009 BPMSU16100154 10/12/2016 v.1, e.2 10/12/2016 Libros  
    Dewey Decimal Classification     Colección General Biblioteca Pública Metropolitana Salomé Ureña Biblioteca Pública Metropolitana Salomé Ureña 10/12/2016 Compra BPMSU CG 658 N964e 2009 BPMSU22060037 06/22/2022 v.2, e.2 10/12/2016 Libros  
    Dewey Decimal Classification     Colección General Biblioteca Pública Metropolitana Salomé Ureña Biblioteca Pública Metropolitana Salomé Ureña 10/12/2016 Compra BPMSU CG 658 N964e 2009 BPMSU22060038 06/22/2022 v.2 10/12/2016 Libros